[Event "30th Cracovia Festival-B 2019"]
[Site "Krakow"]
[Date "2020.01.04"]
[Round "9.26"]
[White "Janus, Przemyslaw"]
[Black "Jankowiak, Piotr"]
[Result "0-1"]
[WhiteElo "2065"]
[BlackElo "2012"]
[Annotator "NA"]
[PlyCount "104"]
[EventDate "2019.12.27"]
[EventCountry "POL"]
[SourceTitle "playchess.com"]
[Source "ChessBase"]
[SourceQuality "1"]

1. d4 d5 2. c4 c6 3. Nf3 Nf6 4. Nc3 dxc4 5. a4 Bf5 6. e3 e6 7. Bxc4 Bb4 8. O-O O-O 9. Nh4 Bg4 10. f3 Bh5 11. g4 Bg6 12. Nxg6 hxg6 13. Qe2 Nbd7 14. Rd1 {D19: Slav Defence: 5 a4 Bf5 6 e3: Main line with 9 Qe2} (14. Bd2 e5 15. Ba2 exd4 16. exd4 Qb6 17. Be3 Rae8 18. Kg2 Qa5 19. Qd3 Nb6 20. Ne4 Nbd5 21. Bg5 Be7 {0-1 (34) Campos Tores,J (1879)-Arauz Alonso,F (2140) Madrid 2017}) 14... Qe7 15. e4 e5 16. d5 Nb6 17. Bb3 cxd5 $146 ({Predecessor:} 17... Rad8 18. a5 Na8 19. Be3 Bc5 20. Qf2 Bxe3 21. Qxe3 Qb4 {½-½ (50) Wald,G (1996)-Lugo,S (2006) Buenos Aires 2009}) 18. Nxd5 Nbxd5 19. Bxd5 Nxd5 20. Rxd5 Rfd8 21. Rxd8+ $11 Rxd8 22. Be3 Bc5 23. Rc1 Bxe3+ 24. Qxe3 Rd4 25. b3 Qd8 26. Kg2 Kh7 27. Rc3 Rd2+ 28. Kg3 Ra2 29. Rc1 g5 30. Re1 Rd2 31. Qxa7 Rd3 32. Re3 Rd4 33. Qc5 Qf6 34. Qc3 Qd6 35. Re2 g6 36. Kg2 Kg7 37. Rc2 Rd3 38. Qc4 Rd1 39. Qc3 Rd3 40. Qc4 Rd1 41. Rf2 Rd4 42. Qc1 Kf6 43. Qc8 b6 44. Rc2 Kg7 45. Qc6 Qb4 46. Qc3 Qd6 47. Kg3 Rd3 48. Qc4 Rd1 49. Qe2 Qd4 50. Rc4 Rg1+ 51. Kh3 Qd8 52. Qf2 Qh8+ 0-1

[Event "30th Cracovia Festival-B 2019"]
[Site "Krakow"]
[Date "2020.01.04"]
[Round "9.27"]
[White "Swider, Pawel"]
[Black "Gondzik, Dawid"]
[Result "1/2-1/2"]
[WhiteElo "1803"]
[BlackElo "2045"]
[Annotator "NA"]
[PlyCount "50"]
[EventDate "2019.12.27"]
[EventCountry "POL"]
[SourceTitle "playchess.com"]
[Source "ChessBase"]
[SourceQuality "1"]

1. d4 Nf6 2. Nf3 e6 3. c4 b6 4. e3 Bb7 5. Bd3 Be7 6. O-O O-O 7. Nc3 d5 8. b3 c5 9. cxd5 Nxd5 10. Nxd5 Qxd5 11. Bb2 {E14: Queen's Indian: Classical Variation (4 e3)} (11. e4 Qh5 12. dxc5 Bxc5 13. Qe2 Nc6 14. a3 Rfd8 15. Bb2 Nd4 16. Nxd4 Qxe2 17. Bxe2 Bxd4 18. Bxd4 Rxd4 19. f3 Rd2 20. Rf2 Rc8 21. Bc4 Rdd8 22. h4 {½-½ (22) Bruzon Batista,L (2673)-Quesada Perez,Y (2635) Khanty-Mansiysk 2011}) 11... Nc6 12. Qe2 Rfd8 $146 ({Predecessor:} 12... cxd4 13. e4 Qh5 14. Nxd4 Qxe2 15. Nxe2 Rfd8 16. Rfd1 Nb4 17. Bc4 Bxe4 18. Ng3 Bc2 19. Rxd8+ Rxd8 {0-1 (42) Mewes,H (1862)-Vasques,J (1915) Dresden 2007}) 13. Bc4 Qh5 14. dxc5 Bxc5 15. Rfd1 Nb4 16. a3 Bxf3 17. gxf3 Nc6 18. Kh1 Ne5 19. Bxe5 $11 Qxe5 20. a4 Rd6 21. f4 Qe4+ 22. Kg1 Qg6+ 23. Kh1 Qe4+ 24. Kg1 Qg6+ 25. Kh1 Qe4+ 1/2-1/2

[Event "30th Cracovia Festival-B 2019"]
[Site "Krakow"]
[Date "2020.01.04"]
[Round "9.28"]
[White "Radovic, Stefan"]
[Black "Palamarchuk, Andriy"]
[Result "0-1"]
[WhiteElo "2007"]
[BlackElo "1899"]
[Annotator "NA"]
[PlyCount "109"]
[EventDate "2019.12.27"]
[EventCountry "POL"]
[SourceTitle "playchess.com"]
[Source "ChessBase"]
[SourceQuality "1"]

1. d4 f5 2. g3 Nf6 3. Bg2 g6 4. Nf3 Bg7 5. O-O O-O 6. c4 d6 7. Nc3 Nh5 8. e4 f4 9. d5 h6 10. Nh4 Qe8 11. Bf3 fxg3 12. hxg3 Nf6 13. e5 dxe5 14. Qd3 e4 15. Nxe4 g5 16. Ng2 Nbd7 17. Nxf6+ exf6 18. Qe2 f5 19. Re1 Qxe2 20. Bxe2 Nb6 21. f4 Bf6 22. Rb1 Na4 23. Bd1 Bd7 24. Bxa4 Bxa4 25. b3 Bd7 26. Bb2 Kf7 27. Bxf6 Kxf6 28. Re2 Rfe8 29. Rbe1 Rxe2 30. Rxe2 a5 31. a4 Re8 32. Kf2 Re4 33. Rxe4 fxe4 34. Ke3 Kf5 35. fxg5 hxg5 36. Kd4 Kg4 37. Kxe4 Kxg3 38. Ne3 g4 39. c5 Kf2 40. d6 cxd6 41. cxd6 g3 42. Nd1+ Ke2 43. Ne3 b6 44. Nd5 Bc6 45. Ke5 Kd3 46. b4 g2 47. Nf4+ Kd2 48. Nxg2 axb4 49. Kd4 b3 50. Ne3 b2 51. Nc4+ Kc1 52. Nxb2 Kxb2 53. a5 bxa5 54. Kc5 Bd7 55. Kd4 0-1

[Event "30th Cracovia Festival-B 2019"]
[Site "Krakow"]
[Date "2020.01.04"]
[Round "9.29"]
[White "Klusak, Piotr"]
[Black "Musial, Tomasz"]
[Result "1/2-1/2"]
[WhiteElo "2084"]
[BlackElo "2009"]
[Annotator "NA"]
[PlyCount "34"]
[EventDate "2019.12.27"]
[EventCountry "POL"]
[SourceTitle "playchess.com"]
[Source "ChessBase"]
[SourceQuality "1"]

1. d4 Nf6 2. c4 e6 3. Nf3 b6 4. g3 Bb7 5. Bg2 c5 6. dxc5 Bxc5 7. O-O O-O 8. Nc3 Qc8 9. Bf4 d5 10. Nb5 Nh5 11. Nd6 Bxd6 12. Bxd6 Rd8 13. Bxb8 Rxb8 14. cxd5 Bxd5 15. Qa4 Qb7 16. Rac1 Rbc8 17. Rfd1 Nf6 1/2-1/2

[Event "30th Cracovia Festival-B 2019"]
[Site "Krakow"]
[Date "2020.01.04"]
[Round "9.30"]
[White "Kumor, Lukasz"]
[Black "Slezinski, Nikodem"]
[Result "0-1"]
[WhiteElo "2037"]
[BlackElo "2005"]
[Annotator "NA"]
[PlyCount "121"]
[EventDate "2019.12.27"]
[EventCountry "POL"]
[SourceTitle "playchess.com"]
[Source "ChessBase"]
[SourceQuality "1"]

1. e4 e5 2. Nf3 Nc6 3. Bb5 f5 4. d3 fxe4 5. dxe4 Nf6 6. O-O d6 7. Nc3 Bg4 8. h3 Bh5 9. Qd3 a6 10. Bxc6+ bxc6 11. Nh4 Bf7 12. f4 Nh5 13. Nf3 Nxf4 14. Bxf4 exf4 15. Nd4 c5 16. Nde2 g5 17. e5 Bg7 18. exd6 O-O 19. Rad1 cxd6 20. Qxd6 Bd4+ 21. Rxd4 cxd4 22. Qxd4 Qxd4+ 23. Nxd4 Rfd8 24. Nf3 h6 25. h4 Rab8 26. hxg5 Rxb2 27. gxh6 Rxc2 28. Ne4 Rc6 29. Ne5 Rxh6 30. Rxf4 Bxa2 31. Rg4+ Kf8 32. Nc5 Rd1+ 33. Kf2 Ke7 34. Ra4 Bd5 35. g4 Rh3 36. Ke2 Rc1 37. Ned3 Rc2+ 38. Kd1 Rg2 39. Rf4 Rh1+ 40. Ne1 Kd6 41. Ncd3 a5 42. Nf2 Rhg1 43. Ke2 Rg3 44. Ra4 Rb3 45. Ned3 Rb5 46. Ke3 Bc6 47. Ra3 Rg3+ 48. Kd2 Kc7 49. Kc3 Kb6 50. Kd4 Rd5+ 51. Kc4 Rd8 52. Rb3+ Kc7 53. Ra3 a4 54. Ra1 Rb8 55. Nb4 Rf8 56. Nbd3 Kd6 57. Re1 a3 58. Ra1 Bd5+ 59. Kb4 a2 60. Kc3 Rxf2 61. Rc1 {Ke5 Kd4+} 0-1

[Event "30th Cracovia Festival-B 2019"]
[Site "Krakow"]
[Date "2020.01.04"]
[Round "9.31"]
[White "Zabron, Maksym"]
[Black "Kucharski, Bartlomiej"]
[Result "0-1"]
[WhiteElo "1907"]
[BlackElo "2024"]
[Annotator "NA"]
[PlyCount "68"]
[EventDate "2019.12.27"]
[EventCountry "POL"]
[SourceTitle "playchess.com"]
[Source "ChessBase"]
[SourceQuality "1"]

1. d4 d6 2. c4 e5 3. d5 f5 4. Nc3 Nf6 5. Qc2 (5. g3 g6 6. Bg2 Bg7 7. e4 O-O 8. Nge2 fxe4 9. Nxe4 Nxe4 10. Bxe4 Bh3 11. Be3 Nd7 12. Nc3 Nf6 13. Bf3 e4 {0-1 (24) Golichenko,I (2413)-Mamedov,R (2689) Lvov 2017}) 5... Be7 6. Nf3 {A41: 1 d4 d6: Tartakower System and Modern Defence} O-O 7. e4 fxe4 8. Ng5 c6 $146 ({Predecessor:} 8... Na6 9. Ncxe4 Nxe4 10. Nxe4 Bf5 11. Be3 c6 12. Bd3 Nb4 {½-½ (39) Toniutti,E (2051)-Bermudez Barrera,E (2190) Buenos Aires 2005}) 9. Ngxe4 Nxe4 10. Nxe4 cxd5 11. cxd5 Bf5 12. Bd3 Nd7 13. O-O Rc8 14. Qb1 Bg6 15. Rd1 Nb6 16. b3 Nxd5 17. Bc4 Rxc4 18. bxc4 {[#]} Nc3 $19 19. Nxc3 Bxb1 20. Rxb1 Qa5 21. Nd5 Bd8 22. Rxb7 Qxa2 23. Be3 a5 24. Rc1 h6 25. Ne7+ Bxe7 26. Rxe7 a4 27. Ra7 Rb8 28. h3 Rb1 29. Rxb1 Qxb1+ 30. Kh2 Qb4 31. Ra6 Kh7 32. c5 dxc5 33. Bxc5 Qxc5 34. Rxa4 Qxf2 0-1

[Event "30th Cracovia Festival-B 2019"]
[Site "Krakow"]
[Date "2020.01.04"]
[Round "9.32"]
[White "Hasterok, Mateusz"]
[Black "Krawczyk, Wojciech"]
[Result "0-1"]
[WhiteElo "2018"]
[BlackElo "1885"]
[Annotator "NA"]
[PlyCount "142"]
[EventDate "2019.12.27"]
[EventCountry "POL"]
[SourceTitle "playchess.com"]
[Source "ChessBase"]
[SourceQuality "1"]

1. d4 Nf6 2. c4 e6 3. Nc3 d5 4. Bg5 Be7 5. Nf3 O-O 6. e3 h6 7. Bh4 c6 8. Bd3 dxc4 9. Bxc4 Nd5 10. Bg3 Nd7 11. O-O N7f6 {D60: Queen's Gambit Declined: Classical: Unusual White 7th moves} (11... Nxc3 12. bxc3 b6 13. e4 Bb7 14. Re1 Nf6 15. Qd3 b5 16. Bb3 c5 17. Bc2 c4 18. Qd2 Nh5 19. a4 Nxg3 20. hxg3 {1-0 (45) Erdos,V (2634)-Lenic,L (2617) Bratto 2013}) 12. Re1 Nxc3 13. bxc3 Ne4 14. Qb3 $146 ({Predecessor:} 14. Qc2 Nxg3 15. hxg3 b5 16. Bd3 a6 17. c4 Bb7 18. c5 a5 19. Qe2 {0-1 (49) Luethi,M (1722)-Walter,M (1400) Zuerich 2005}) 14... Nxg3 15. hxg3 Bd6 16. e4 b6 17. e5 Be7 18. Rad1 Bb7 19. Nd2 Qc7 20. Ne4 Rad8 21. Be2 c5 22. Bf3 cxd4 23. cxd4 {Bd} Bd5 24. Qa4 Rc8 25. Nd2 Rfd8 26. Bxd5 Rxd5 27. Nb3 $17 Rdd8 28. Re3 Qd7 29. Qa6 Rc7 30. Red3 Qd5 31. Nc1 Rdc8 32. Ne2 g5 33. g4 Qe4 34. R3d2 Qxg4 35. d5 exd5 36. Rd4 Qf5 37. Ng3 Qxe5 38. Rxd5 Qe6 39. Nf5 Rc1 40. Qd3 Rxd1+ 41. Qxd1 Rc5 42. g4 Rxd5 43. Qxd5 Bf8 44. Qd8 Qe1+ 45. Kg2 Qe4+ 46. Kg3 Qf4+ 47. Kh3 Qf3+ 48. Kh2 Qxf2+ 49. Kh3 Qf3+ 50. Kh2 Qf4+ 51. Kh3 h5 52. Nh6+ Kg7 53. gxh5 Qf3+ 54. Kh2 Qxh5+ 55. Kg2 Qxh6 56. a4 Qc6+ 57. Kh3 Qe6+ 58. Kg2 Bd6 59. a5 bxa5 60. Qxa5 Qe4+ 61. Kf1 Qf3+ 62. Kg1 Qe3+ 63. Kf1 Bc5 64. Kg2 Qf2+ 65. Kh3 g4+ 66. Kxg4 Qg2+ 67. Kf4 Qd5 68. Kg4 f5+ 69. Kh3 Kg6 70. Qc7 Bd6 71. Qc3 Qh1# 0-1